Southville International School and Colleges
Your cart is empty.
  • Cart
  • Lists
    Public lists Eva Luna New books Lux_list list_1
    Your lists Log in to create your own lists
  • Log in to your account
  • Your cookies
  • Search history
Southville International School and Colleges
  • Advanced search
  • Recent comments
  • Most popular
  • Libraries

Log in to your account

Log in with GOOGLE


If you do not have an external account, but do have a local account, you can still log in:

  1. Home
  2. MARC view: Chess in a nutshell
Normal view MARC view ISBD view

Chess in a nutshell (Record no. 35462)

[ view plain ]
MARC details
000 -LEADER
fixed length control field 00422nam a22001577a 4500
003 - CONTROL NUMBER IDENTIFIER
control field OSt
005 - DATE AND TIME OF LATEST TRANSACTION
control field 20140311130134.0
008 - FIXED-LENGTH DATA ELEMENTS--GENERAL INFORMATION
fixed length control field 130607t xxu||||| |||| 00| 0 eng d
050 ## - LIBRARY OF CONGRESS CALL NUMBER
Classification number GV 1446
Item number .R367 1958
082 ## - DEWEY DECIMAL CLASSIFICATION NUMBER
Classification number M 794.1
Item number R27 1958
245 ## - TITLE STATEMENT
Title Chess in a nutshell
Statement of responsibility, etc Reinfeld, Fred
260 ## - PUBLICATION, DISTRIBUTION, ETC. (IMPRINT)
Place of publication, distribution, etc New York, NY :
Name of publisher, distributor, etc Pocket Books,
Date of publication, distribution, etc c1958.
300 ## - PHYSICAL DESCRIPTION
Extent ix, 165 p.
Other physical details ill. ;
Dimensions 16 cm.
942 ## - ADDED ENTRY ELEMENTS (KOHA)
Source of classification or shelving scheme Library of Congress Classification
Koha item type Books
Call number prefix

No items available.

Chess in a nutshell

APA

(1958). Chess in a nutshell. New York, NY: Pocket Books.

Chicago

1958. Chess in a nutshell. New York, NY: Pocket Books.

Harvard

(1958). Chess in a nutshell. New York, NY: Pocket Books.

MLA

Chess in a nutshell. New York, NY: Pocket Books. 1958.

  • Print
  • Cite
  • Add to your cart (remove)
  • Save record
    BIBTEX Dublin Core MARCXML MARC (non-Unicode/MARC-8) MARC (Unicode/UTF-8) MARC (Unicode/UTF-8, Standard) MODS (XML) RIS
  • More searches
    Search for this title in:
    Other Libraries (WorldCat) Other Databases (Google Scholar) Online Stores (Bookfinder.com) Open Library (openlibrary.org)

Exporting to Dublin Core...

SOUTHVILLE LIBRARY

Southville International School and Colleges Library

1281 Tropical Ave. Cor. Luxembourg St., BF Homes International, Las Pinas City

Tel. No. 8256374 / 252358 Loc. 117/146

Powered by Koha